Richest Catholic Countries - Statistics

General Stats
  • This quiz has been taken 125 times
  • The average score is 9 of 12
Answer Stats
GDP per capita Country % Correct
$54,216 Italy
92%
$203,404 Monaco
86%
$58,828 France
85%
$78,926 San Marino
81%
$145,196 Ireland
80%
$68,998 Andorra
78%
$133,735 Liechtenstein
77%
$142,490 Luxembourg
77%
$69,502 Austria
72%
$65,501 Belgium
72%
$61,939 Malta
63%
$52,641 Slovenia
50%
No matching quizzes found
Score Distribution
Percent of People with Each Score
Percentile by Number Answered
Your Score History
You have not taken this quiz